[Event "Gibtelecom AmatWk2 6th"]
[Site "Gibraltar"]
[Date "2008.01.31"]
[Round "5.51"]
[White "Cox, Reginald"]
[Black "Hughes, Peter"]
[Result "0-1"]
[WhiteElo "1136"]
[BlackElo "1664"]
[PlyCount "100"]
[EventDate "2008.01.27"]
[EventType "swiss"]
[EventRounds "5"]
[EventCountry "GGB"]
[SourceTitle "BritBase"]
[Source "www.saund.co.uk"]
[SourceDate "2018.02.10"]
[SourceVersion "1"]
[SourceVersionDate "2018.02.10"]
[SourceQuality "1"]

1. e4 c5 2. Nf3 g6 3. d4 cxd4 4. Nxd4 Nc6 5. Nf3 Bg7 6. Nc3 Nf6 7. Bc4 d6 8. h3
O-O 9. O-O Bd7 10. Re1 Rc8 11. Bb3 a6 12. a3 b5 13. Nd5 Na5 14. Ba2 Nc4 15.
Bxc4 Rxc4 16. e5 Nxd5 17. Qxd5 Bc6 18. Qd1 dxe5 19. Qxd8 Rxd8 20. c3 Bxf3 21.
gxf3 f5 22. Bg5 Bf6 23. Bxf6 exf6 24. Rad1 Rcc8 25. b3 Rxd1 26. Rxd1 Rxc3 27.
Rd8+ Kg7 28. Rd7+ Kh6 29. Rd6 Rxb3 30. Rxa6 Rxf3 31. Kg2 Rb3 32. Rxf6 Rxa3 33.
Rb6 Rb3 34. Re6 e4 35. Re5 b4 36. Rb5 Kg5 37. Rb7 h5 38. Rb6 h4 39. Rb5 Kf4 40.
Rb6 g5 41. Rb5 Rb1 42. Rb6 b3 43. Rb4 g4 44. hxg4 fxg4 45. Rb8 b2 46. Rf8+ Ke5
47. Rb8 Kd4 48. Rb4+ Kc3 49. Rb8 Rc1 50. Rc8+ Kd2 0-1

[Event "Gibtelecom AmatWk2 6th"]
[Site "Gibraltar"]
[Date "2008.01.31"]
[Round "5.52"]
[White "Tari, Aryan"]
[Black "Rough, Robert E"]
[Result "1/2-1/2"]
[WhiteElo "1377"]
[BlackElo "1651"]
[PlyCount "54"]
[EventDate "2008.01.27"]
[EventType "swiss"]
[EventRounds "5"]
[EventCountry "GGB"]
[SourceTitle "BritBase"]
[Source "www.saund.co.uk"]
[SourceDate "2018.02.10"]
[SourceVersion "1"]
[SourceVersionDate "2018.02.10"]
[SourceQuality "1"]

1. Nf3 Nc6 2. d4 d5 3. Bf4 e6 4. e3 Nf6 5. h3 h6 6. Nbd2 Bd6 7. Bxd6 cxd6 8. c4
dxc4 9. Bxc4 d5 10. Bd3 O-O 11. O-O b6 12. a3 Bb7 13. Rc1 Qd6 14. e4 dxe4 15.
Bxe4 Nxe4 16. Nxe4 Qd5 17. Nc3 Qd7 18. Qd2 Rfd8 19. Rfd1 Rac8 20. Qf4 Qd6 21.
Qg4 Ne7 22. Ne4 Bxe4 23. Rxc8 Rxc8 24. Qxe4 Qd5 25. Qd3 Qd6 26. Ne5 Nd5 27. Rd2
Rc1+ 1/2-1/2

[Event "Gibtelecom AmatWk2 6th"]
[Site "Gibraltar"]
[Date "2008.01.31"]
[Round "5.53"]
[White "Dimitrov, Daniel"]
[Black "Garcia Lechugo, Francisco"]
[Result "1-0"]
[WhiteElo "1600"]
[BlackElo "1515"]
[PlyCount "73"]
[EventDate "2008.01.27"]
[EventType "swiss"]
[EventRounds "5"]
[EventCountry "GGB"]
[SourceTitle "BritBase"]
[Source "www.saund.co.uk"]
[SourceDate "2018.02.10"]
[SourceVersion "1"]
[SourceVersionDate "2018.02.10"]
[SourceQuality "1"]

1. e4 g6 2. Nc3 Bg7 3. g3 e5 4. d3 Nc6 5. Bg2 d6 6. Nge2 Bg4 7. O-O Qd7 8. f4
Bh3 9. f5 Bxg2 10. Kxg2 O-O-O 11. Be3 Nd4 12. Bxd4 exd4 13. Nd5 Be5 14. Qd2 h5
15. fxg6 fxg6 16. Qg5 Qg4 17. Qxg4+ hxg4 18. Rf7 Rd7 19. Rf8+ Rd8 20. Rf7 Rd7
21. Raf1 Nh6 22. Rf8+ Rxf8 23. Rxf8+ Rd8 24. Ne7+ Kd7 25. Nxg6 Rxf8 26. Nxf8+
Ke7 27. Ng6+ Kf6 28. Nh4 a6 29. h3 Kg5 30. hxg4 Nxg4 31. Nf3+ Kg6 32. Nexd4 c5
33. Nxe5+ dxe5 34. Nf5 Nf6 35. Nd6 b5 36. Kf3 Kg5 37. Nf7+ 1-0

[Event "Gibtelecom AmatWk2 6th"]
[Site "Gibraltar"]
[Date "2008.01.31"]
[Round "5.54"]
[White "Beadle, John R"]
[Black "Andersen, Glenn"]
[Result "1/2-1/2"]
[WhiteElo "1400"]
[BlackElo "1200"]
[PlyCount "112"]
[EventDate "2008.01.27"]
[EventType "swiss"]
[EventRounds "5"]
[EventCountry "GGB"]
[SourceTitle "BritBase"]
[Source "www.saund.co.uk"]
[SourceDate "2018.02.10"]
[SourceVersion "1"]
[SourceVersionDate "2018.02.10"]
[SourceQuality "1"]

1. e4 d6 2. c4 Nf6 3. Nc3 g6 4. d4 Bg7 5. h3 O-O 6. Nf3 Nbd7 7. Be3 e5 8. Qd2
a6 9. Bd3 Qe8 10. d5 Nc5 11. Bc2 b6 12. O-O Rb8 13. b4 Nb7 14. Bh6 Bd7 15. a4
Qc8 16. Bxg7 Kxg7 17. Nh2 Ng8 18. f4 f5 19. fxe5 dxe5 20. exf5 Bxf5 21. Bxf5
Rxf5 22. Ng4 Nd6 23. Qe2 Qe8 24. Rxf5 Nxf5 25. Qxe5+ Qxe5 26. Nxe5 Re8 27. Nc6
Nf6 28. Kf2 Ne4+ 29. Nxe4 Rxe4 30. Rc1 h5 31. Nb8 a5 32. bxa5 bxa5 33. Nc6 Rf4+
34. Ke1 Ne3 35. Nxa5 Rf1+ 36. Kd2 Rxc1 37. Kxc1 Nxg2 38. Nb3 Ne3 39. a5 Nxc4
40. a6 Nb6 41. a7 g5 42. Kd2 Kf6 43. Ke3 Nxd5+ 44. Kd4 Nb6 45. Ke4 g4 46. hxg4
hxg4 47. Kf4 Ke6 48. Kxg4 Kd6 49. Na5 Kc5 50. Nb3+ Kb4 51. Nc1 Na8 52. Kf4 Ka5
53. Ke5 Kb6 54. Kd5 Kxa7 55. Kc6 Ka6 56. Nb3 Ka7 1/2-1/2

[Event "Gibtelecom AmatWk2 6th"]
[Site "Gibraltar"]
[Date "2008.01.31"]
[Round "5.56"]
[White "Stoop, Michael"]
[Black "Cox, Marian"]
[Result "0-1"]
[WhiteElo "1056"]
[BlackElo "1200"]
[PlyCount "70"]
[EventDate "2008.01.27"]
[EventType "swiss"]
[EventRounds "5"]
[EventCountry "GGB"]
[SourceTitle "BritBase"]
[Source "www.saund.co.uk"]
[SourceDate "2018.02.10"]
[SourceVersion "1"]
[SourceVersionDate "2018.02.10"]
[SourceQuality "1"]

1. d4 d5 2. Nf3 Nc6 3. e3 a6 4. a3 Bg4 5. c4 e6 6. Qb3 Na5 7. Qa4+ Nc6 8. Ne5
Bf5 9. Nc3 Nge7 10. f3 h6 11. cxd5 exd5 12. e4 Be6 13. Be3 f6 14. Nd3 dxe4 15.
fxe4 Bd7 16. Qd1 b6 17. Nf4 g6 18. Bd3 Qc8 19. O-O Qb7 20. Nfd5 f5 21. Nf6+ Kd8
22. Nxd7 Kxd7 23. exf5 gxf5 24. Bxf5+ Nxf5 25. Qg4 Nce7 26. Rad1 Re8 27. Ne4
Qc6 28. d5 Qg6 29. Qh3 Kd8 30. Rd3 Nxe3 31. Qxe3 Nf5 32. Qf3 Bc5+ 33. Kh1 Nd4
34. Qf6+ Qxf6 35. Rxf6 Rxe4 0-1

[Event "Gibtelecom AmatWk2 6th"]
[Site "Gibraltar"]
[Date "2008.01.31"]
[Round "5.57"]
[White "Ruiz, Jose Mari"]
[Black "Mossiaguine, Anastasia"]
[Result "0-1"]
[WhiteElo "1000"]
[BlackElo "920"]
[PlyCount "46"]
[EventDate "2008.01.27"]
[EventType "swiss"]
[EventRounds "5"]
[EventCountry "GGB"]
[SourceTitle "BritBase"]
[Source "www.saund.co.uk"]
[SourceDate "2018.02.10"]
[SourceVersion "1"]
[SourceVersionDate "2018.02.10"]
[SourceQuality "1"]

1. e4 e5 2. Nf3 Nc6 3. Bb5 Bc5 4. O-O Nf6 5. Nc3 O-O 6. d3 d6 7. Bg5 h6 8. Bxf6
Qxf6 9. Nd5 Qg6 10. Ne7+ Nxe7 11. d4 Bh3 12. Nh4 Qg5 13. g3 Bxf1 14. Kxf1 exd4
15. e5 dxe5 16. Bd3 Ng6 17. c4 Nxh4 18. gxh4 Qxh4 19. Bc2 Qxh2 20. Qd3 g6 21.
Re1 Kg7 22. Qxg6+ fxg6 23. b4 Qxf2# 0-1